1184 1564 1902 1262 1639 1162 1573 1553 1984 1881 1972 1586 1383 1756 1729 1967 1705 1864 1516 1865 1729 1656 1974 1624 1127 1191 1100 1259 1475 1030 1348 1116 1527 1659 1106 1197 1551 1136 1061 1482 1263 1288 1451 1849 1564 1130 1875 1965 1227 1445 1146 1167 1496 1221 1064 1747 1377 1692 1584 1755 1419 1059 1131 1696 1648 1691 1784 1492 1162 1837 1418 1555 1619 1624 1787 1350 1263 1500 1435 1752 1336 1878 1301 1398 1083 1691 1818 1296 1492 1639 1298 1485 1398 1956 1180 1916 1149 1636 1163 BCNSPRNW ULIB Ver.6.0+V

เปลี่ยนเป็นภาษาไทย

Change to English
 แสดงรายละเอียดบรรณานุกรม
  กลับหน้าหลัก

Brief Record : Get Marc (ISO 2709) : E-mail record : QR code < ปิดหน้าต่าง
LEADER : 00000nam 2200000uu 4500
001    13399128478
003     ULIB
008    230830s2020||||th 000 0 tha d
020    ^a9781108781619 (pbk.)
050  4 ^aPE1128^bIA22
245 00 ^aIELTS 15 academic with answers :^bauthentic examinationtests /^c[Cambridge University Press]
260    ^aCambridge :^bCambridge University Press,^c2020
300    ^a141 p. :^bill. ;^c25 cm.
650  0 ^aInternational English Language Testing System^vStudyguides
650  0 ^aEnglish language^vTextbooks for foreign speakers
650  0 ^aEnglish language^xStudy and teaching
650  0 ^aEnglish language^xExaminations^vStudy guides
650  0 ^aEnglish language^vProblems, exercises, etc.
653    ^aIELTS
945    ^p1099^l0^i010222
999    ^aประนอม เกษจรัล
รายการนี้ยังไม่มีแท็ก
คุณยังไม่ได้ล็อกอิน คุณสามารถมีกิจกรรมร่วมกับเว็บไซต์ได้ แต่ต้องล็อกอินก่อน ::
  ล็อกอิน

รายการสื่อสารสนเทศ

ลำดับที่ ประเภท เลขเรียก/บาร์โค้ด สถานที่ สถานะ
1. การศึกษาทั่วไป
หนังสือสำรอง
สถานะ=หนังสือสำรอง
PE1128 IA22 ฉ.1 
  Barcode: 010222
ห้องสมุดวิทยาเขตสวรรค์ประชารักษ์
►หนังสือทั่วไป
บนชั้น

BibComment


ยังไม่เคยถูกคอมเมนท์

คอมเมนท์ทรัพยากรรายการนี้
  คอมเมนท์: IELTS 15 academi..


 Copyright 2026. Bcnsprnw @Library